000 00723nam a2200193 i 4500
001 70978
003 ES-MaACL
005 20260127062531.0
007 t|
008 040804s1947 sp ||||1| spa d
100 1 _aGascón y Marín, José.
_955866
245 1 3 _aLa futura Administración internacional /
_csesión celebrada en honor de José Gascón y Marín que disertó sobre el tema.
260 _aMadrid :
_b[s.n.,
_c1947] (
_fImp. Vda. de Galo Sèz)
300 _a66 p. ;
_c19 cm.
500 _aPrecede al tít.: Real Academia de Jurisprudencia y Legislación.
700 _aReal Academia de Jurisprudencia y Legislación de España
_9217612
852 _aES-MaACL
_j1868-F-15
_bR.23927
999 _c70978
_d70978